000
00201 a2200097 4500
001
23538
100
_a
Defrance, J J
245
_a
Electron tubes
260
_a
_b
Predice hall
_c
090
_c
15925
_d
15925
942
_a
NUST-CAE
_c
m
_c
6586
999
_c
258611
_d
258611